[Event "TOP 16 GpA"]
[Site "Marseille FRA"]
[Date "2010.04.29"]
[Round "4"]
[White "Colin,V"]
[Black "Delchev,A"]
[Result "1/2-1/2"]
[WhiteElo "2445"]
[BlackElo "2625"]
[EventDate "2010.03.26"]

1. c4 Nf6 2. Nc3 e5 3. Nf3 Nc6 4. g3 Bc5 5. Nxe5 Bxf2+ 6. Kxf2 Nxe5 7. d4
Nxc4 8. e4 d5 9. Kg2 Nb6 10. e5 Ne4 11. Bd3 Bh3+ 12. Kg1 Nxc3 13. bxc3 Qd7
14. Qc2 O-O-O 15. a4 a5 16. Kf2 f6 17. Re1 fxe5 18. Rxe5 Rhf8+ 19. Kg1 Rde8
20. Ba3 Rxe5 21. dxe5 Rf7 22. Bb5 Qe6 23. Qxh7 Kb8 24. Re1 Nd7 25. Qxh3
Qxh3 26. e6 Rf2 27. Kxf2 Qxh2+ 28. Kf3 Nf6 29. e7 Qh5+ 30. Kg2 c6 31. Bd6+
Kc8 32. Bd3 Ne8 33. Re5 Qf7 34. Bf5+ Qxf5 35. Rxf5 Nxd6 36. Rg5 Ne8 37. c4
dxc4 38. Rxa5 Kd7 39. Re5 c3 40. Rc5 Kxe7 41. Rxc3 Kd6 42. Kf3 Nc7 43. Rb3
b5 44. axb5 Nxb5 45. Ke4 Ke6 46. Rf3 c5 47. Rf8 Nd6+ 48. Kf4 c4 49. Rg8 Kf6
50. Ra8 g5+ 51. Kg4 Nf7 52. Ra6+ Ke5 53. Ra7 Kf6 54. Kf3 Nd6 55. Rc7 Ke5
56. Kg4 Kd4 57. Kxg5 c3 58. Kf4 Nc4 59. Rd7+ Kc5 60. Rd1 Kb4 61. g4 c2 62.
Rc1 Kc3 63. g5 Nb6 64. Kf5 Nd5 65. Ke4 Ne7 66. Ke3 Nf5+ 67. Kf4 Kd4 1/2-1/2

[Event "TOP 16 GpA"]
[Site "Marseille FRA"]
[Date "2010.04.29"]
[Round "4"]
[White "Tirard,H"]
[Black "Miton,K"]
[Result "0-1"]
[WhiteElo "2451"]
[BlackElo "2581"]
[EventDate "2010.03.26"]

1. e4 c5 2. Nf3 Nc6 3. d4 cxd4 4. Nxd4 Nf6 5. Nc3 d6 6. Bg5 e6 7. Qd2 a6 8.
O-O-O Bd7 9. f3 Be7 10. h4 h6 11. Be3 h5 12. Kb1 Ne5 13. f4 Neg4 14. Bg1
Qc7 15. Bd3 Rc8 16. Nf3 Bc6 17. f5 e5 18. Ng5 b5 19. a3 Qb7 20. Rh3 O-O 21.
Qe1 Rfd8 22. Rg3 Rb8 23. Na2 d5 24. exd5 Bxd5 25. Bf1 Ne4 26. Rgd3 Nxg5 27.
hxg5 Bxg5 28. Rh3 Nf6 29. Nc3 Bc4 30. Bxc4 bxc4 31. Rxd8+ Rxd8 32. Qxe5
Qxg2 33. Rg3 Qf1+ 34. Ka2 Re8 0-1

[Event "TOP 16 GpA"]
[Site "Marseille FRA"]
[Date "2010.04.29"]
[Round "4"]
[White "Degraeve,JM"]
[Black "Bellaiche,A"]
[Result "1-0"]
[WhiteElo "2563"]
[BlackElo "2443"]
[EventDate "2010.03.26"]

1. e4 c5 2. Nf3 d6 3. d4 cxd4 4. Nxd4 Nf6 5. Nc3 a6 6. Bc4 e6 7. Bb3 Nbd7
8. f4 b5 9. f5 e5 10. Nc6 Qc7 11. Nb4 Nb6 12. a4 bxa4 13. Nbd5 Nfxd5 14.
Nxd5 Qc6 15. Nxb6 axb3 16. Nxa8 Qxe4+ 17. Qe2 Qxa8 18. O-O Be7 19. c4 Qc6
20. Ra3 Bf6 21. Rxb3 O-O 22. Rg3 Re8 23. b3 e4 24. Bb2 Qc5+ 25. Kh1 Bxb2
26. Qxb2 Re5 27. b4 Qc7 28. f6 g6 29. Qd2 Rh5 30. Rg5 Rh4 31. Rd5 1-0

[Event "TOP 16 GpA"]
[Site "Marseille FRA"]
[Date "2010.04.29"]
[Round "4"]
[White "Geenen,M"]
[Black "Gozzoli,Y"]
[Result "1/2-1/2"]
[WhiteElo "2327"]
[BlackElo "2515"]
[EventDate "2010.03.26"]

1. e4 e5 2. Nf3 Nc6 3. Bb5 a6 4. Bxc6 dxc6 5. O-O Bg4 6. h3 Bh5 7. g4 Bg6
8. Nxe5 Qh4 9. Qf3 f6 10. Nxg6 hxg6 11. Kg2 O-O-O 12. d3 g5 13. Nd2 Ne7 14.
Rh1 Kb8 15. Nc4 Ng6 16. Be3 Qh7 17. Kf1 Nh4 18. Qd1 g6 19. c3 Qd7 20. d4
Qe6 21. Nd2 Bd6 22. Qb3 Qe8 23. Re1 Rh7 24. Rg1 Bh2 25. Rh1 Bd6 26. Rg1 Bh2
27. Rh1 Bd6 1/2-1/2

[Event "TOP 16 GpA"]
[Site "Marseille FRA"]
[Date "2010.04.29"]
[Round "4"]
[White "Nataf,IA"]
[Black "Godard,M"]
[Result "1-0"]
[WhiteElo "2534"]
[BlackElo "2340"]
[EventDate "2010.03.26"]

1. e4 c6 2. d4 d5 3. e5 Bf5 4. Nf3 e6 5. Be2 Nd7 6. O-O h6 7. Nbd2 Ne7 8.
Nb3 Bh7 9. Bd2 Ng6 10. a4 Be7 11. a5 O-O 12. Ne1 c5 13. f4 Nh4 14. g3 Nf5
15. c3 c4 16. Nc1 f6 17. Ng2 fxe5 18. fxe5 Bg5 19. Bg4 Bxd2 20. Qxd2 Qe7
21. Na2 g5 22. Nb4 a6 23. Bd1 Rad8 24. Bc2 Qg7 25. b3 cxb3 26. Bxb3 Ne7 27.
Ba4 Be4 28. Ne3 Rxf1+ 29. Rxf1 Nf8 30. Ng4 Kh8 31. Nf6 Bg6 32. Nd3 Bxd3 33.
Qxd3 Ng8 34. Ne8 Qg6 35. Qxg6 Nxg6 36. Nd6 Rb8 37. Bd7 b6 38. Rb1 Nf8 39.
Bc8 Ne7 40. Rxb6 Ra8 41. Bb7 Ra7 42. Rxa6 Rxa6 43. Bxa6 Nc6 44. Nb7 Kg7 45.
Bb5 Na7 46. Ba4 Kf7 47. Nd8+ 1-0

[Event "TOP 16 GpA"]
[Site "Marseille FRA"]
[Date "2010.04.29"]
[Round "4"]
[White "Azadharf,F"]
[Black "Marzolo,C"]
[Result "0-1"]
[WhiteElo "2245"]
[BlackElo "2470"]
[EventDate "2010.03.26"]

1. e4 e6 2. d4 d5 3. exd5 exd5 4. Bd3 Nc6 5. c3 Bd6 6. Qf3 Nce7 7. Bg5 h6
8. Bh4 g5 9. Bg3 f5 10. Be5 Bxe5 11. dxe5 Be6 12. h4 g4 13. Qe3 h5 14. Ne2
Ng6 15. Nd2 Qe7 16. O-O-O c5 17. Bb5+ Kf7 18. Kb1 Qc7 19. Nf4 Nxf4 20. Qxf4
Ne7 21. Bd3 Ng6 22. Qe3 c4 23. Bc2 Qxe5 24. Qc5 Rhc8 25. Qb4 Qc7 26. Nf1
Rab8 27. Ne3 Ne7 28. g3 b5 29. Ng2 Ng6 30. Rhe1 Rd8 31. Qa3 a5 32. Ka1 Rd6
33. Re2 Qb6 34. b3 d4 35. bxc4 b4 36. cxb4 Qxb4 37. Qxb4 Rxb4 38. Ne3 Kf6
39. a3 Rb8 40. c5 Rdd8 41. Red2 dxe3 42. Re2 Rd6 43. Red2 0-1

[Event "TOP 16 GpA"]
[Site "Marseille FRA"]
[Date "2010.04.29"]
[Round "4"]
[White "Delorme,L"]
[Black "Fruteau,S"]
[Result "1-0"]
[WhiteElo "2226"]
[BlackElo "2125"]
[EventDate "2010.03.26"]

1. d4 Nf6 2. c4 e6 3. Nf3 Bb4+ 4. Nbd2 O-O 5. a3 Bxd2+ 6. Qxd2 a5 7. Qc2 d6
8. g3 Nc6 9. Bg2 e5 10. d5 Ne7 11. e4 Nd7 12. O-O a4 13. Be3 Ng6 14. Bh3
Nf6 15. Bf5 Ng4 16. Bg5 f6 17. Bd2 Ne7 18. h3 Bxf5 19. exf5 Nh6 20. Bxh6
gxh6 21. Nh4 Qe8 22. Qe2 Kh8 23. g4 Rg8 24. Ng2 h5 25. f3 c6 26. Rad1 cxd5
27. cxd5 Ra5 28. Qd2 Rxd5 29. Qh6 Qf7 30. Rxd5 Nxd5 31. Rd1 hxg4 32. hxg4
Rc8 33. Nh4 Nf4 34. Rxd6 Rc1+ 35. Kf2 Rc2+ 36. Ke1 Rc1+ 37. Kd2 Rd1+ 38.
Kxd1 Qb3+ 39. Kc1 Ne2+ 40. Kd2 Qxb2+ 41. Ke1 Nf4 1-0

[Event "TOP 16 GpA"]
[Site "Marseille FRA"]
[Date "2010.04.29"]
[Round "4"]
[White "Lazarev,V"]
[Black "Magem Badals,J"]
[Result "1/2-1/2"]
[WhiteElo "2468"]
[BlackElo "2576"]
[EventDate "2010.03.26"]

1. d4 d5 2. c4 dxc4 3. Nf3 c5 4. d5 Nf6 5. Nc3 e6 6. e4 exd5 7. e5 Ne4 8.
Qxd5 Nxc3 9. Qxd8+ Kxd8 10. bxc3 Nc6 11. Bxc4 Be6 12. Bxe6 fxe6 13. Ng5 Ke7
14. f4 h6 15. Ne4 Kd7 16. Be3 b6 17. Ke2 Be7 18. Rad1+ Kc7 19. h4 Rad8 20.
h5 1/2-1/2

[Event "TOP 16 GpA"]
[Site "Marseille FRA"]
[Date "2010.04.29"]
[Round "4"]
[White "Sokolov,Ivan"]
[Black "Komarov,Di"]
[Result "1-0"]
[WhiteElo "2638"]
[BlackElo "2523"]
[EventDate "2010.03.26"]

1. d4 d5 2. Nf3 c6 3. c4 Nf6 4. Nc3 dxc4 5. a4 Bf5 6. Nh4 Bg4 7. h3 Bh5 8.
g4 Bg6 9. Nxg6 hxg6 10. e3 e6 11. Bxc4 Bb4 12. Qf3 Qa5 13. Bd2 Nbd7 14. O-O
Rd8 15. Rfd1 O-O 16. Bb3 Qb6 1-0

[Event "TOP 16 GpA"]
[Site "Marseille FRA"]
[Date "2010.04.29"]
[Round "4"]
[White "Bijaoui,M"]
[Black "Gofshtein,L"]
[Result "0-1"]
[WhiteElo "2410"]
[BlackElo "2540"]
[EventDate "2010.03.26"]

1. e4 c5 2. Nf3 e6 3. d4 cxd4 4. Nxd4 Nf6 5. Nc3 d6 6. Be3 a6 7. f3 b5 8.
g4 Nfd7 9. Qd2 Bb7 10. O-O-O Nb6 11. Qf2 N8d7 12. Bd3 Rc8 13. Nce2 Nc4 14.
Bxc4 Rxc4 15. Kb1 Rc8 16. h4 Qc7 17. g5 e5 18. Nb3 Qxc2+ 19. Ka1 Qc7 20.
Nc3 Be7 21. h5 O-O 22. g6 Nf6 23. gxh7+ Nxh7 24. Bb6 Qb8 25. Ba7 Qa8 26.
Na5 b4 27. Nd5 Bxd5 28. exd5 Nf6 29. Nc6 Nxd5 30. Nxe7+ Nxe7 31. Rxd6 Nf5
32. Rdd1 Qc6 33. h6 g6 34. h7+ Kg7 35. Qh2 Rfe8 36. h8=Q+ Rxh8 37. Qxe5+
Qf6 38. Rxh8 Rxh8 39. Qa5 Qd6 40. Qa4 Rc8 41. a3 Qc7 42. Bd4+ Nxd4 43. Rxd4
bxa3 44. Qxa3 Qe5 45. Qd3 Rc1+ 46. Ka2 Qe6+ 47. Rd5 Kh7 48. Ka3 Ra1+ 49.
Kb4 Qb6+ 50. Kc3 Rc1+ 0-1

[Event "TOP 16 GpA"]
[Site "Marseille FRA"]
[Date "2010.04.29"]
[Round "4"]
[White "Marcelin,C"]
[Black "Todorov,T"]
[Result "0-1"]
[WhiteElo "2499"]
[BlackElo "2493"]
[EventDate "2010.03.26"]

1. e4 g6 2. d4 Bg7 3. Nc3 d6 4. Be3 a6 5. Qd2 b5 6. Bd3 Nf6 7. Bh6 Bxh6 8.
Qxh6 Nc6 9. Nf3 Bg4 10. d5 Bxf3 11. gxf3 Ne5 12. Be2 b4 13. Nd1 c5 14. Ne3
Qa5 15. f4 Ned7 16. Nc4 Qc7 17. e5 dxe5 18. O-O-O e4 19. d6 exd6 20. Rxd6
Ke7 21. Rhd1 Rhd8 22. Qg5 Kf8 23. Ne5 Nxe5 24. Rxd8+ Rxd8 25. Rxd8+ Qxd8
26. fxe5 e3 27. fxe3 Qd2+ 28. Kxd2 Ne4+ 29. Kd3 Nxg5 30. Kc4 Ne6 31. Bg4
Ke7 32. Bxe6 Kxe6 33. Kxc5 Kxe5 34. Kxb4 g5 35. Kc3 h5 36. Kd3 g4 37. c4 a5
38. e4 h4 39. Ke3 h3 40. Kf2 Kxe4 41. b3 f5 42. a3 Kd4 43. a4 f4 0-1

[Event "TOP 16 GpA"]
[Site "Marseille FRA"]
[Date "2010.04.29"]
[Round "4"]
[White "Karr,JP"]
[Black "Housieaux,D"]
[Result "1-0"]
[WhiteElo "2385"]
[BlackElo "2431"]
[EventDate "2010.03.26"]

1. d4 Nf6 2. c4 g6 3. Nc3 Bg7 4. e4 d6 5. Nf3 O-O 6. Be2 e5 7. O-O Nc6 8.
d5 Ne7 9. Nd2 a5 10. a3 Bd7 11. b3 Nc8 12. Rb1 Nb6 13. Qc2 Qe7 14. Re1 Kh8
15. b4 Rfe8 16. Nb3 axb4 17. axb4 Na4 18. Bd2 Nxc3 19. Bxc3 Ba4 20. Qd3 c6
21. dxc6 Bxc6 22. Bf1 Qc7 23. f3 Nh5 24. Red1 Red8 25. g3 b5 26. cxb5 Bxb5
27. Qxb5 Qxc3 28. Rd3 Qc2 29. Rc1 Qb2 30. Qc4 Bh6 31. Rc2 Qb1 32. Qc3 Kg7
33. Rb2 1-0

[Event "TOP 16 GpA"]
[Site "Marseille FRA"]
[Date "2010.04.29"]
[Round "4"]
[White "Clery,N"]
[Black "Legky,N"]
[Result "1-0"]
[WhiteElo "2391"]
[BlackElo "2428"]
[EventDate "2010.03.26"]

1. d4 d5 2. c4 e6 3. Nc3 c5 4. cxd5 exd5 5. Nf3 Nc6 6. g3 Nf6 7. Bg2 Be7 8.
O-O O-O 9. Bg5 c4 10. Ne5 Be6 11. Nxc6 bxc6 12. b3 Qa5 13. Na4 Rfd8 14. Qc2
Rac8 15. e3 c5 16. dxc5 Bd7 17. Nc3 cxb3 18. Qxb3 Rxc5 19. Ne2 Ba4 20. Qb1
Bc2 21. Qb2 Bd3 22. Rfd1 Rc2 23. Qb3 Rxe2 24. Qxd3 Rxa2 25. Rxa2 Qxa2 26.
Bxf6 Bxf6 27. Bxd5 Qb2 28. e4 g5 29. Rb1 Qd4 30. Qf3 Rd7 31. h4 h6 32. Kg2
Kg7 33. hxg5 hxg5 34. Qf5 Rc7 35. Rh1 Qe5 36. Qh7+ Kf8 37. Rb1 Rd7 38. Rc1
Rc7 39. Rb1 Rd7 40. Rc1 Rc7 41. Rd1 Bg7 42. Qh5 Bf6 43. Rd3 Kg7 44. Rf3 Re7
45. Rf5 Qd4 46. Kh3 a5 47. e5 Bxe5 48. Bxf7 1-0

[Event "TOP 16 GpA"]
[Site "Marseille FRA"]
[Date "2010.04.29"]
[Round "4"]
[White "Giffard,N"]
[Black "Aguettaz,M"]
[Result "1/2-1/2"]
[WhiteElo "2361"]
[BlackElo "2389"]
[EventDate "2010.03.26"]

1. d4 Nf6 2. c4 g6 3. Nc3 Bg7 4. Bg5 d6 5. e3 O-O 6. Nf3 Nbd7 7. Be2 h6 8.
Bh4 e5 9. Qc2 c6 10. Rd1 Qe7 11. O-O g5 12. Bg3 Nh5 13. Bd3 Re8 14. Bf5
Nxg3 15. hxg3 Nf6 16. Bxc8 Raxc8 17. dxe5 dxe5 18. Ne4 Nxe4 19. Qxe4 Qe6
20. g4 Rcd8 21. b3 a6 22. Rxd8 Rxd8 23. Rc1 Qg6 24. Qxg6 fxg6 25. Rc2 Rd1+
26. Kh2 Rd3 27. Nd2 Bf8 28. Ne4 Bb4 29. Kg3 Kf7 30. Rc1 Rd7 31. Kf3 Ke6 32.
Rh1 Bf8 33. Ke2 Rf7 34. Rd1 Be7 35. Ng3 Rh7 36. Rh1 Bf8 37. Rh3 Rf7 38. Ne4
Rd7 39. Rh1 Rf7 40. f3 Rc7 41. Rd1 Be7 42. Nf2 Rc8 43. Kd3 a5 44. Ke4 Bd6
45. Nd3 Rh8 46. Rh1 Rh7 47. c5 Bc7 48. a3 Rh8 49. b4 axb4 50. axb4 h5 51.
Nf2 Bd8 52. Ra1 Bf6 53. Ra7 Rh7 54. b5 Rc7 55. b6 Rd7 56. Nd3 h4 57. Ra8
Bg7 58. Rb8 Bf6 59. Rc8 Bg7 60. Rb8 Bf6 61. Ra8 Bg7 62. Ra7 Bf6 63. Ra2 Bg7
64. Rc2 Bf6 65. Nb4 Be7 66. Nd3 Bf6 67. Rc3 Rd8 68. Ra3 Rd7 69. Ra8 Bg7
1/2-1/2

[Event "TOP 16 GpA"]
[Site "Marseille FRA"]
[Date "2010.04.29"]
[Round "4"]
[White "Assad,K"]
[Black "Lefevre,Ma"]
[Result "1-0"]
[WhiteElo "2056"]
[BlackElo "2036"]
[EventDate "2010.03.26"]

1. d4 Nf6 2. c4 g6 3. Nc3 Bg7 4. e4 d6 5. Nf3 O-O 6. Bg5 c5 7. d5 h6 8. Bd2
a6 9. h3 Re8 10. Bd3 Nbd7 11. O-O g5 12. Nh2 Ne5 13. Be2 Ng6 14. Re1 Bd7
15. Nf1 Rb8 16. a4 Qc8 17. Ng3 e5 18. dxe6 Bxe6 19. Be3 b6 20. Qd2 Rd8 21.
Rad1 Ne8 22. Qc2 Be5 23. Nf5 Kh7 24. Nd5 Qb7 25. Nc3 Nc7 26. Ng3 Qc8 27.
Qd2 Nf4 28. Bf1 Qd7 29. Nge2 Ng6 30. f4 gxf4 31. Nxf4 Rg8 32. Kh1 Nxf4 33.
Bxf4 Qe7 34. Bxe5 dxe5 35. Qd6 Qxd6 36. Rxd6 Rg3 37. Kh2 Rg6 38. Red1 Rgg8
39. Nd5 Bxd5 40. cxd5 Rgd8 41. Rc6 Rd7 42. g4 Kg7 43. Be2 b5 44. a5 c4 45.
g5 hxg5 46. Bg4 Rbd8 47. Bxd7 Rxd7 48. Rg1 f6 49. h4 Ne8 50. hxg5 Nd6 51.
gxf6+ Kxf6 52. Rg4 1-0

[Event "TOP 16 GpA"]
[Site "Marseille FRA"]
[Date "2010.04.29"]
[Round "4"]
[White "Bauer,Ch"]
[Black "Le Roux,JP"]
[Result "1-0"]
[WhiteElo "2607"]
[BlackElo "2512"]
[EventDate "2010.03.26"]

1. e4 e5 2. Bc4 Nf6 3. d3 Nc6 4. Nf3 Be7 5. O-O d6 6. a4 O-O 7. a5 a6 8. c3
Be6 9. Qe2 Qd7 10. Re1 Rad8 11. Nbd2 d5 12. exd5 Bxd5 13. b4 Bxc4 14. dxc4
Bd6 15. Ba3 Rfe8 16. b5 Nb8 17. c5 Bf8 18. c6 Qc8 19. Bxf8 Kxf8 20. Ne4
axb5 21. Nxf6 gxf6 22. cxb7 Qxb7 23. Nh4 Qd5 24. Nf5 Qd2 25. Qh5 1-0

[Event "TOP 16 GpA"]
[Site "Marseille FRA"]
[Date "2010.04.29"]
[Round "4"]
[White "Dumitrache,D"]
[Black "Meier,Geo"]
[Result "0-1"]
[WhiteElo "2467"]
[BlackElo "2663"]
[EventDate "2010.03.26"]

1. d4 e6 2. c4 Nf6 3. Nf3 d5 4. Nc3 dxc4 5. e4 Bb4 6. Bg5 h6 7. Bxf6 Qxf6
8. Bxc4 c5 9. O-O O-O 10. e5 Qd8 11. Qe2 cxd4 12. Rfd1 Nc6 13. Qe4 Bd7 14.
Bd3 g6 15. Ne2 Bc5 16. Rac1 Bb6 17. a3 Kg7 18. Nf4 Rh8 19. Bb1 Rc8 20. h4
Qe7 21. h5 g5 22. Ne2 f5 23. exf6+ Qxf6 24. Ng3 Kf8 25. Bd3 Rg8 26. Re1 g4
27. Nd2 Rg7 28. Qe2 Kg8 29. Nde4 Qf4 30. Nc5 Bxc5 31. Rxc5 Rf8 32. b4 Kh8
33. Rc2 Ne7 34. Be4 Nf5 35. Nxf5 exf5 36. Bxb7 Ba4 37. Rc8 Rxc8 38. Bxc8 g3
39. fxg3 Qxg3 40. Bxf5 Bc6 41. Bg6 Re7 0-1

[Event "TOP 16 GpA"]
[Site "Marseille FRA"]
[Date "2010.04.29"]
[Round "4"]
[White "Brunner,N"]
[Black "Cornette,M"]
[Result "1/2-1/2"]
[WhiteElo "2420"]
[BlackElo "2552"]
[EventDate "2010.03.26"]

1. d4 Nf6 2. c4 e6 3. Nc3 Bb4 4. Qc2 O-O 5. a3 Bxc3+ 6. Qxc3 Qe8 7. f3 d6
8. e4 Nfd7 9. Ne2 e5 10. Be3 a5 11. b3 Na6 12. Ng3 exd4 13. Bxd4 Ne5 14.
Be2 c5 15. Be3 Nc7 16. O-O Ne6 17. Rad1 Qe7 18. Rd2 f5 19. exf5 1/2-1/2

[Event "TOP 16 GpA"]
[Site "Marseille FRA"]
[Date "2010.04.29"]
[Round "4"]
[White "Terrieux,K"]
[Black "Nezar,M"]
[Result "1/2-1/2"]
[WhiteElo "2423"]
[BlackElo "2398"]
[EventDate "2010.03.26"]

1. d4 d5 2. c4 c6 3. cxd5 cxd5 4. Nf3 Nf6 5. Nc3 Nc6 6. Bf4 Bf5 7. e3 e6 8.
Qb3 Bb4 9. Bb5 O-O 10. O-O Bxc3 11. Qxc3 Rc8 12. Rfc1 a6 13. Bxc6 Rxc6 14.
Qe1 Qb6 15. Rxc6 bxc6 16. Bd6 Rc8 17. b3 Be4 18. Ne5 Qd8 19. Bc5 Nd7 20.
Nxd7 Qxd7 21. f3 Bg6 22. Rc1 Qb7 23. e4 h6 24. Qe3 Qb5 25. a4 Qb7 26. e5
Rb8 27. Rc3 Rc8 28. h3 Qd7 29. Qe2 Ra8 30. a5 Qd8 31. Bb6 Qd7 32. b4 Qe7
33. Rc5 Kh7 34. Qd2 Qb7 35. Qc1 Rc8 36. Rc3 Qe7 37. Bc5 Qb7 38. Bb6 Qe7 39.
b5 axb5 40. Rxc6 Rxc6 41. Qxc6 Qa3 42. Qxb5 1/2-1/2

[Event "TOP 16 GpA"]
[Site "Marseille FRA"]
[Date "2010.04.29"]
[Round "4"]
[White "Philippe,C"]
[Black "Bailet,P"]
[Result "1/2-1/2"]
[WhiteElo "2428"]
[BlackElo "2367"]
[EventDate "2010.03.26"]

1. e4 c5 2. Nf3 e6 3. d4 cxd4 4. Nxd4 Nf6 5. Nc3 Nc6 6. g3 d6 7. Bg2 Nxd4
8. Qxd4 Be7 9. O-O O-O 10. b3 Bd7 11. Bb2 Qc7 12. Rad1 Rfd8 13. Rd2 Bc6 14.
Rfd1 b5 15. a3 a5 16. b4 e5 17. Qd3 Qb6 18. Qf3 Rac8 19. Qe2 Bd7 20. Nd5
Nxd5 21. Rxd5 axb4 22. axb4 Be6 23. Qxb5 Qxb5 24. Rxb5 Rxc2 25. Bc1 g6 26.
Be3 f5 27. Rb7 Kf7 28. exf5 gxf5 29. b5 f4 30. Bb6 Rdc8 31. Bc6 Kf6 32. Kg2
R8xc6 33. bxc6 Rxc6 34. gxf4 e4 35. Bd4+ Kf7 36. Ra1 Bc8 37. Rb6 Rc4 38.
Be3 Bg4 39. Ra7 Bf3+ 40. Kg3 Rc8 41. h4 Rg8+ 42. Kh3 Rg1 43. Rbb7 Rh1+ 44.
Kg3 Rg1+ 1/2-1/2

[Event "TOP 16 GpA"]
[Site "Marseille FRA"]
[Date "2010.04.29"]
[Round "4"]
[White "Le Goff,D"]
[Black "Genzling,A"]
[Result "1-0"]
[WhiteElo "2281"]
[BlackElo "2398"]
[EventDate "2010.03.26"]

1. e4 d5 2. exd5 Nf6 3. d4 Bg4 4. Bb5+ Nbd7 5. Be2 Bxe2 6. Qxe2 Nxd5 7. c4
N5f6 8. Nc3 g6 9. Nf3 Bg7 10. O-O O-O 11. Re1 Re8 12. Bg5 c6 13. Rad1 Qa5
14. Qc2 Rac8 15. h3 Nf8 16. Ne5 Ne6 17. Be3 Red8 18. Qb3 Qc7 19. Nf3 b6 20.
Qa3 Qb7 21. Rd2 Bf8 22. Qb3 Bg7 23. Qa3 Bf8 24. Qb3 Bg7 25. Qd1 Bf8 26. Ne5
Nd7 27. Nf3 Nf6 28. Ne5 Nd7 29. Ng4 Bg7 30. d5 cxd5 31. cxd5 Nef8 32. Nh6+
Bxh6 33. Bxh6 Nf6 34. Bg5 Rd6 35. Bf4 Rd7 36. Be5 Ne8 37. Qf3 Rcd8 38. Red1
f6 39. Bg3 e5 40. Bh4 Kg7 41. Ne4 Rf7 42. Qb3 g5 43. Bg3 Ng6 44. f3 h6 45.
d6 f5 46. Nc3 Nf6 47. Nb5 Ne8 48. Qe6 f4 49. d7 Qb8 50. Bf2 Nc7 51. Nxc7
Qxc7 52. Rd6 Nh8 53. Qxe5+ Kg8 54. Rg6+ 1-0

[Event "TOP 16 GpA"]
[Site "Marseille FRA"]
[Date "2010.04.29"]
[Round "4"]
[White "Paci,C"]
[Black "De Sousa,Jos"]
[Result "1-0"]
[WhiteElo "2345"]
[BlackElo "2281"]
[EventDate "2010.03.26"]

1. d4 Nf6 2. Bg5 e6 3. e4 h6 4. Bxf6 Qxf6 5. c3 b6 6. Bd3 Bb7 7. Ne2 d6 8.
O-O Nd7 9. f4 g6 10. Nd2 Qe7 11. e5 Bg7 12. Qe1 h5 13. Be4 d5 14. Bd3 c5
15. Nf3 cxd4 16. cxd4 O-O 17. Qg3 Rfc8 18. Ng5 Nf8 19. Rae1 a5 20. f5 exf5
21. Bxf5 gxf5 22. Rxf5 Rc7 23. Rxf7 Qxf7 24. Nxf7 Rxf7 25. Nf4 Rf5 26. e6
Re8 27. e7 Nh7 28. Qg6 Rf7 29. Nxh5 Rexe7 30. Rxe7 Rxe7 31. Nxg7 Rxg7 32.
Qxb6 Ng5 33. Qxa5 Nf3+ 34. Kf2 Ng5 35. a4 Ne4+ 36. Kg1 Rf7 37. b4 Nd2 38.
Qd8+ Kh7 39. Qh4+ Kg6 40. Qg4+ Kh6 41. h4 Rf1+ 42. Kh2 Ne4 43. Qd7 Nf6 44.
Qxb7 Kh5 45. Qg7 Kxh4 46. Qh6+ Kg4 47. Qg6+ 1-0

[Event "TOP 16 GpA"]
[Site "Marseille FRA"]
[Date "2010.04.29"]
[Round "4"]
[White "Le Diouron,A"]
[Black "Congiu,M"]
[Result "0-1"]
[WhiteElo "1956"]
[BlackElo "2175"]
[EventDate "2010.03.26"]

1. d4 d5 2. c4 c6 3. cxd5 cxd5 4. Nf3 Nf6 5. Nc3 Nc6 6. Bf4 Ne4 7. Qb3 Nxc3
8. bxc3 g6 9. e4 e6 10. exd5 exd5 11. Bb5 Bg7 12. Ne5 O-O 13. Nxc6 bxc6 14.
Bxc6 Qe7+ 15. Be3 Ba6 16. Bxa8 Rxa8 17. Rb1 Qe4 18. Rg1 Bc4 19. Qb7 Re8 20.
Rb4 Bh6 21. Rxc4 Bxe3 22. Rc8 Bf4+ 0-1

[Event "TOP 16 GpA"]
[Site "Marseille FRA"]
[Date "2010.04.30"]
[Round "5"]
[White "Vachier Lagrave,M"]
[Black "Todorov,T"]
[Result "1-0"]
[WhiteElo "2727"]
[BlackElo "2493"]
[EventDate "2010.03.26"]

1. e4 g6 2. d4 Bg7 3. Nc3 d6 4. Be3 a6 5. h4 Nf6 6. f3 b5 7. Qd2 Nbd7 8. g4
Nb6 9. h5 Bb7 10. Bd3 Qd7 11. Nge2 Rc8 12. Bh6 Bf8 13. d5 c6 14. Be3 c5 15.
hxg6 fxg6 16. Nf4 Bg7 17. Ne6 Kf7 18. Bh6 Bxh6 19. Qxh6 Rcg8 20. Rh4 b4 21.
Nd1 Ke8 22. Ne3 Qa4 23. Kf2 Kd7 24. g5 Ne8 25. Rf4 Nc7 26. Rf7 Nxe6 27. b3
Qa3 28. dxe6+ Kxe6 29. Rxh7 Rxh7 30. Qxh7 Rf8 31. Qxg6+ Kd7 32. Qg7 Ke8 33.
Nf5 Nc8 34. g6 c4 35. Qxf8+ Kxf8 36. g7+ Kg8 37. Rh1 cxd3 38. Rh8+ Kf7 39.
g8=Q+ Kf6 40. Rh6+ Ke5 41. Qg3+ 1-0

[Event "TOP 16 GpA"]
[Site "Marseille FRA"]
[Date "2010.04.30"]
[Round "5"]
[White "Legky,N"]
[Black "Chabanon,JL"]
[Result "1-0"]
[WhiteElo "2428"]
[BlackElo "2455"]
[EventDate "2010.03.26"]

1. d4 Nf6 2. Nf3 g6 3. Bf4 Bg7 4. e3 b6 5. a4 O-O 6. c3 Bb7 7. a5 c5 8. a6
Bc6 9. Ne5 d6 10. Nxc6 Nxc6 11. Bb5 Rc8 12. Qa4 Qc7 13. Bxc6 Qxc6 14. Qxc6
Rxc6 15. Na3 Nd5 16. Nb5 Ra8 17. Bg3 Nc7 18. Nxc7 Rxc7 19. d5 b5 20. Kd2 f5
21. Kc2 Rb8 22. f3 Rcc8 23. Rhe1 b4 24. c4 b3+ 25. Kb1 Kf7 26. Rc1 Ke8 27.
Be1 Kd7 28. Ba5 e6 29. Bc3 Bxc3 30. Rxc3 exd5 31. cxd5 Rb4 32. Kc1 Re8 33.
Kd2 Re5 34. Rd3 Kc7 35. Ra3 c4 36. Rd4 Kb6 37. e4 fxe4 38. fxe4 Re7 39. Kc3
Kb5 40. Ra1 Rf7 41. Rd2 Re7 42. Re2 Kc5 43. Ra5+ Rb5 44. Ra4 Kb6 45. Rxc4
Kxa6 46. Rc6+ Rb6 47. Rxb6+ Kxb6 48. Kxb3 Kc5 49. Kc3 a5 50. Kd3 Kb4 51.
Rc2 a4 52. Rc6 Rd7 53. Kd4 Ka5 54. e5 dxe5+ 55. Kxe5 Re7+ 56. Re6 Rb7 57.
d6 Kb4 58. Re7 Rb5+ 59. Ke6 Rb6 60. Kd5 Rb5+ 61. Kc6 Rc5+ 62. Kb6 Rb5+ 63.
Kc7 Rc5+ 64. Kb8 1-0

[Event "TOP 16 GpA"]
[Site "Marseille FRA"]
[Date "2010.04.30"]
[Round "5"]
[White "Kogan,Ar"]
[Black "Lazarev,V"]
[Result "1-0"]
[WhiteElo "2524"]
[BlackElo "2468"]
[EventDate "2010.03.26"]

1. e4 c5 2. Nf3 Nc6 3. Bb5 g6 4. O-O Bg7 5. c3 Nf6 6. Re1 O-O 7. h3 Qb6 8.
Ba4 d5 9. e5 Ne8 10. d4 cxd4 11. cxd4 Nc7 12. Nc3 Rd8 13. Bb3 Na5 14. Na4
Qc6 15. Bg5 Nxb3 16. Qxb3 Qe8 17. Rac1 Ne6 18. Nc3 Qd7 19. Qa3 f6 20. Bd2
b6 21. Ne2 g5 22. Ng3 Bf8 23. Qd3 Qe8 24. exf6 exf6 25. Qf5 Bd7 26. Qxf6
Bg7 27. Qf5 Qg6 28. Qxd5 h6 29. Rc7 Bc8 30. Rxc8 Raxc8 31. Qxe6+ Qxe6 32.
Rxe6 Rc2 33. Bc3 Bf8 34. Nf5 Kh7 35. Re1 Rc8 36. Ne3 R8xc3 37. bxc3 Rxc3
38. Rd1 Kg6 39. Ne5+ Kg7 40. d5 1-0

[Event "TOP 16 GpA"]
[Site "Marseille FRA"]
[Date "2010.04.30"]
[Round "5"]
[White "Giffard,N"]
[Black "Milliet,S"]
[Result "1/2-1/2"]
[WhiteElo "2361"]
[BlackElo "2391"]
[EventDate "2010.03.26"]

1. d4 d5 2. Nc3 Nf6 3. Bg5 Nbd7 4. Nf3 b6 5. e3 Bb7 6. Bd3 e6 7. e4 dxe4 8.
Nxe4 Be7 9. Qe2 O-O 10. h4 c5 11. dxc5 Nxe4 12. Bxe4 Bxe4 13. Qxe4 Nxc5 14.
Qe2 h6 15. Bxe7 Qxe7 16. O-O-O Rfd8 17. g3 Rac8 18. Ne5 Nd7 19. Nxd7 Rxd7
20. Rxd7 Qxd7 21. Rd1 Qa4 22. Kb1 Qc6 23. c3 b5 24. Rd4 a5 25. Qd3 Qb6 26.
Qd2 a4 27. a3 Qc6 28. f4 h5 1/2-1/2

[Event "TOP 16 GpA"]
[Site "Marseille FRA"]
[Date "2010.04.30"]
[Round "5"]
[White "Relange,E"]
[Black "Bijaoui,M"]
[Result "1-0"]
[WhiteElo "2455"]
[BlackElo "2410"]
[EventDate "2010.03.26"]

1. d4 Nf6 2. Nf3 g6 3. c4 Bg7 4. g3 O-O 5. Bg2 d6 6. O-O Nc6 7. Nc3 e5 8.
d5 Ne7 9. e4 Nd7 10. Ne1 f5 11. Nd3 Nf6 12. Bg5 h6 13. Bxf6 Bxf6 14. f4
exf4 15. Nxf4 c6 16. Kh1 Be5 17. Qd2 g5 18. Nd3 Bg7 19. Qe2 cxd5 20. cxd5
Bxc3 21. bxc3 fxe4 22. Rxf8+ Qxf8 23. Nf2 Bf5 24. Nxe4 Rd8 25. Re1 Ng6 26.
Rf1 Re8 27. Nf6+ 1-0

[Event "TOP 16 GpA"]
[Site "Marseille FRA"]
[Date "2010.04.30"]
[Round "5"]
[White "Lefevre,Ma"]
[Black "Brochet,P"]
[Result "0-1"]
[WhiteElo "2036"]
[BlackElo "2384"]
[EventDate "2010.03.26"]

1. e4 c5 2. Nf3 e6 3. d4 cxd4 4. Nxd4 Nf6 5. Nc3 Bb4 6. Bd3 e5 7. Nde2 Nc6
8. O-O d6 9. a3 Bxc3 10. Nxc3 Be6 11. Re1 O-O 12. Bg5 h6 13. Bh4 Rc8 14.
Qd2 g5 15. Bg3 Nh5 16. Rad1 Nxg3 17. hxg3 Qb6 18. Na4 Qc7 19. Nc3 a6 20.
Nd5 Bxd5 21. exd5 Ne7 22. g4 Qd7 23. Qe2 b5 24. Qe4 f5 25. gxf5 Nxf5 26. g3
Rf6 27. Kg2 Rcf8 28. c3 Qf7 29. Re2 Ne7 30. Rdd2 h5 31. a4 bxa4 32. Bxa6 h4
33. Bb5 Qh5 34. Bd7 hxg3 35. fxg3 Rh6 36. Kg1 Rf3 37. Rh2 Rxg3+ 38. Kh1 Qf7
39. Qe1 Qf3+ 0-1